Signals And Systems In Biomedical Engineering : (Record no. 32342)
[ view plain ]
| 000 -LEADER | |
|---|---|
| fixed length control field | 01609cam a22003614a 4500 |
| 001 - CONTROL NUMBER | |
| control field | 11943476 |
| 003 - CONTROL NUMBER IDENTIFIER | |
| control field | OSt |
| 005 - DATE AND TIME OF LATEST TRANSACTION | |
| control field | 20210924110708.0 |
| 008 - FIXED-LENGTH DATA ELEMENTS--GENERAL INFORMATION | |
| fixed length control field | 000316s2000 nyua b 001 0 eng |
| 010 ## - LIBRARY OF CONGRESS CONTROL NUMBER | |
| LC control number | 00036370 |
| 020 ## - INTERNATIONAL STANDARD BOOK NUMBER | |
| International Standard Book Number | 9780306463914 |
| 038 ## - RECORD CONTENT LICENSOR | |
| Staff Name | khadija |
| 040 ## - CATALOGING SOURCE | |
| Original cataloging agency | DLC |
| Transcribing agency | DLC |
| Modifying agency | DLC |
| 042 ## - AUTHENTICATION CODE | |
| Authentication code | pcc |
| 050 00 - LIBRARY OF CONGRESS CALL NUMBER | |
| Classification number | R856 |
| Item number | .D476 2000 |
| 082 00 - DEWEY DECIMAL CLASSIFICATION NUMBER | |
| Classification number | 610.28 |
| Edition number | 21 |
| Author Mark | DEV |
| 100 1# - MAIN ENTRY--PERSONAL NAME | |
| Personal name | Devasahayam, Suresh R. |
| 9 (RLIN) | 82695 |
| 245 10 - TITLE STATEMENT | |
| Title | Signals And Systems In Biomedical Engineering : |
| Remainder of title | signal processing and physiological systems modeling / |
| Statement of responsibility, etc. | Suresh R. Devasahayam. |
| 260 ## - PUBLICATION, DISTRIBUTION, ETC. | |
| Place of publication, distribution, etc. | New York : |
| Name of publisher, distributor, etc. | Kluwer Academic/Plenum Publishers, |
| Date of publication, distribution, etc. | c2000. |
| 300 ## - PHYSICAL DESCRIPTION | |
| Extent | xvi, 337 p. : |
| Other physical details | ill. ; |
| Dimensions | 26 cm. + |
| Accompanying material | 1 computer laser disc (4 3/4 in.) |
| 440 #0 - SERIES STATEMENT/ADDED ENTRY--TITLE | |
| Title | Topics in biomedical engineering international book series |
| 9 (RLIN) | 82696 |
| 504 ## - BIBLIOGRAPHY, ETC. NOTE | |
| Bibliography, etc. note | Includes bibliographical references and index. |
| 538 ## - SYSTEM DETAILS NOTE | |
| System details note | System requirements for accompanying computer disc: PC and Windows95 or later operating system. |
| 563 ## - BINDING INFORMATION | |
| Binding note | hardcover |
| 650 #0 - SUBJECT ADDED ENTRY--TOPICAL TERM | |
| Topical term or geographic name entry element | Biomedical engineering. |
| 9 (RLIN) | 798 |
| 650 #0 - SUBJECT ADDED ENTRY--TOPICAL TERM | |
| Topical term or geographic name entry element | Signal processing. |
| 9 (RLIN) | 723 |
| 650 #0 - SUBJECT ADDED ENTRY--TOPICAL TERM | |
| Topical term or geographic name entry element | Physiology |
| General subdivision | Mathematical models. |
| 9 (RLIN) | 82697 |
| 856 42 - ELECTRONIC LOCATION AND ACCESS | |
| Materials specified | Publisher description |
| Uniform Resource Identifier | <a href="http://www.loc.gov/catdir/enhancements/fy0819/00036370-d.html">http://www.loc.gov/catdir/enhancements/fy0819/00036370-d.html</a> |
| 856 41 - ELECTRONIC LOCATION AND ACCESS | |
| Materials specified | Table of contents only |
| Uniform Resource Identifier | <a href="http://www.loc.gov/catdir/enhancements/fy0819/00036370-t.html">http://www.loc.gov/catdir/enhancements/fy0819/00036370-t.html</a> |
| 906 ## - LOCAL DATA ELEMENT F, LDF (RLIN) | |
| a | 7 |
| b | cbc |
| c | orignew |
| d | 1 |
| e | ocip |
| f | 20 |
| g | y-gencatlg |
| 942 ## - ADDED ENTRY ELEMENTS (KOHA) | |
| Source of classification or shelving scheme | |
| Koha item type | Book |
| Withdrawn status | Lost status | Source of classification or shelving scheme | Damaged status | Not for loan | Permanent Location | Current Location | Shelving location | Date acquired | Full call number | Barcode | Date last seen | Price effective from | Koha item type | Public note |
|---|---|---|---|---|---|---|---|---|---|---|---|---|---|---|
| School of Mechanical & Manufacturing Engineering (SMME) | School of Mechanical & Manufacturing Engineering (SMME) | General Stacks | 08/10/2015 | 610.28 DEV | SMME-1103 | 03/28/2018 | 08/10/2015 | Book | Rack,46-Shelf,3 |
